Everyday Courage (Record no. 351532)
[ view plain ]
| 000 -LEADER | |
|---|---|
| fixed length control field | 00676nam a2200133Ia 4500 |
| 008 - FIXED-LENGTH DATA ELEMENTS--GENERAL INFORMATION | |
| fixed length control field | 171212s9999 xx 000 0 und d |
| 100 ## - MAIN ENTRY--PERSONAL NAME | |
| Personal name | Way, Niobe |
| 245 ## - TITLE STATEMENT | |
| Statement of responsibility, etc | Way, Niobe |
| Title | Everyday Courage |
| Remainder of title | The Lives and Stories of Urban Teenagers |
| 260 ## - PUBLICATION, DISTRIBUTION, ETC. (IMPRINT) | |
| Name of publisher, distributor, etc | New York University Press |
| Date of publication, distribution, etc | 1998 |
| 440 ## - SERIES STATEMENT/ADDED ENTRY--TITLE | |
| Title | Qualitative Studies in Psychology |
| 650 ## - SUBJECT ADDED ENTRY--TOPICAL TERM | |
| Topical term or geographic name as entry element | Sociology |
| 650 ## - SUBJECT ADDED ENTRY--TOPICAL TERM | |
| Topical term or geographic name as entry element | Urban youth -- United States -- Case studies; Urban youth -- United States -- Longitudinal studies; Socially handicapped teenagers -- United States -- Case studies; Socially handicapped teenagers -- United States -- Longitudinal studies; Adolescence -- Un |
| 856 ## - ELECTRONIC LOCATION AND ACCESS | |
| Uniform Resource Identifier | <a href="http://www.jstor.org/stable/j.ctt9qgf6h">http://www.jstor.org/stable/j.ctt9qgf6h</a> |
| Withdrawn status | Lost status | Damaged status | Home library | Current library | Date acquired | Total Checkouts | Full call number | Date last seen | Price effective from | Koha item type |
|---|---|---|---|---|---|---|---|---|---|---|
| College Library | College Library | 12/12/2017 | HQ 796 .W325 1998 | 12/12/2017 | 12/12/2017 | Curriculum - Based eBooks |